Statistiques concernant Devinez le Pays Mystère #150

Cliquez ici pour prendre le quiz!

Statistiques générales

  • Ce quiz a été pris 268 fois
    (183 depuis la dernière actualisation)
  • Le résultat moyen est 8 sur 11

Statistiques - réponses

Type de RéponseRéponse% Correct
Lettre TrouvéeE
95%
Lettre Bien PlacéeE
88%
Lettre TrouvéeI
88%
Lettre TrouvéeR
83%
Lettre Bien PlacéeR
74%
Lettre Bien PlacéeS
67%
Lettre TrouvéeS
67%
Lettre TrouvéeY
64%
Lettre Bien PlacéeI
63%
Pays MystèreSyrie
55%
Lettre Bien PlacéeY
55%

Distribution des résultats

Percentile par nombre de réponses

% des personnes avec chaque résultat

Votre développement - résultats

Vous n’avez pas pris ce quiz depuis la dernière actualisation